00879nam a2200169 a 450000100100000000500170001000800410002704000250006808200150009311101530010824500130026126001030027430000210037795201750039895201190057399900170069200001612420200929164301.0100226s1924 000 spa d aDO-SdBNPbspacBNPHU axxxxbxxxx2 aConferencia internacional americana de la Secretaría de Estado de Relaciones Exteriores de la Repúblicad(1923 :cChilen5: 25 de marzo )93611810aMemoria. aSanto Domingo : 1924. :bSecretaría de Estado de Relaciones Exteriores de la República,c1924. a103 p. ;c26 cm. 001050718RVaPDbPDcHDd2010-02-26iLF1l0oxxxx xxxxp16124-10r2020-06-25w2020-06-25y1zPerteneció a la biblioteca personal de Julio Ortega Frier.ZNo se presta 001050718RVaPDbPDcHDd2011-04-01iLF1l0oxxxx xxxxp16124-20r2020-06-25te. 2w2020-06-25y1ZNo se presta c15664d15664